[Event "Olimpiada Dresden 2008 Femenina"]
[Site "Dresden GER"]
[Date "2008.11.23"]
[Round "10.6"]
[White "Vajda, Szidonia"]
[Black "Kosintseva, Tatiana"]
[Result "0-1"]
[WhiteElo "2380"]
[BlackElo "2513"]
[PlyCount "72"]
[EventDate "2008.11.13"]
[EventType "team-swiss"]
[EventRounds "11"]
[EventCountry "GER"]
[Source "lmi"]
[SourceDate "2008.11.13"]
[WhiteTeam "Hungría"]
[BlackTeam "Rusia"]
[WhiteTeamCountry "HUN"]
[BlackTeamCountry "RUS"]

1. e4 e5 2. Nf3 Nc6 3. Nc3 Nf6 4. Bb5 Bd6 5. d3 h6 6. O-O O-O 7. a3 Re8 8. h3
a6 9. Ba4 Bf8 10. Nd5 Nxd5 11. exd5 Nd4 12. Nxd4 exd4 13. Qf3 c5 14. Bf4 Qf6
15. Rfe1 Rxe1+ 16. Rxe1 d6 17. Re8 b5 18. Bb3 Bb7 19. Rxa8 Bxa8 20. Qe4 Bb7 21.
Bd2 Be7 22. Qg4 Bf8 23. c3 dxc3 24. Bxc3 Qd8 25. Qe4 Bc8 26. Bd1 g6 27. b4 cxb4
28. axb4 Bg7 29. Bd2 Kh7 30. Bf3 Qf6 31. Bg4 Bb7 32. Bd7 Qa1+ 33. Kh2 Qa2 34.
Be1 Bxd5 35. Qe7 Be5+ 36. Kg1 Qe2 0-1

[Event "Olimpiada Dresden 2008 Femenina"]
[Site "Dresden GER"]
[Date "2008.11.23"]
[Round "10.6"]
[White "Kosintseva, Nadezhda"]
[Black "Madl, Ildiko"]
[Result "1-0"]
[WhiteElo "2468"]
[BlackElo "2376"]
[PlyCount "75"]
[EventDate "2008.11.13"]
[EventType "team-swiss"]
[EventRounds "11"]
[EventCountry "GER"]
[Source "lmi"]
[SourceDate "2008.11.13"]
[WhiteTeam "Rusia"]
[BlackTeam "Hungría"]
[WhiteTeamCountry "RUS"]
[BlackTeamCountry "HUN"]

1. e4 c5 2. Nf3 d6 3. d4 cxd4 4. Nxd4 Nf6 5. Nc3 Nc6 6. Bg5 e6 7. Qd2 a6 8.
O-O-O Be7 9. Bxf6 gxf6 10. f4 Nxd4 11. Qxd4 b5 12. f5 Rb8 13. Kb1 Qb6 14. fxe6
fxe6 15. Qd2 Qc5 16. Ne2 Qe5 17. Nf4 O-O 18. g3 Kh8 19. Bh3 b4 20. Rhf1 Rf7 21.
Qe3 Bf8 22. Nd3 Qh5 23. g4 Qg6 24. g5 fxg5 25. Rxf7 Qxf7 26. Qxg5 Bb7 27. e5
Bd5 28. Nf4 Qg7 29. Qxg7+ Bxg7 30. exd6 Be5 31. Nxd5 exd5 32. Rxd5 Bxh2 33. d7
Bc7 34. Rc5 Rg8 35. a3 Bd8 36. axb4 Rf8 37. Rc6 Rf6 38. Rc8 1-0

[Event "Olimpiada Dresden 2008 Femenina"]
[Site "Dresden GER"]
[Date "2008.11.23"]
[Round "10.7"]
[White "Mamedjarova, Turkan"]
[Black "Skripchenko, Almira"]
[Result "0-1"]
[WhiteElo "2269"]
[BlackElo "2455"]
[PlyCount "98"]
[EventDate "2008.11.13"]
[EventType "team-swiss"]
[EventRounds "11"]
[EventCountry "GER"]
[Source "lmi"]
[SourceDate "2008.11.13"]
[WhiteTeam "Azerbaiyán"]
[BlackTeam "Francia"]
[WhiteTeamCountry "AZE"]
[BlackTeamCountry "FRA"]

1. e4 c6 2. d4 d5 3. exd5 cxd5 4. Nf3 Nf6 5. Bd3 Nc6 6. c3 Bg4 7. O-O e6 8. h3
Bh5 9. Bf4 Be7 10. Nbd2 O-O 11. Qb3 Qc8 12. a4 Nd7 13. Rfe1 Bg6 14. Bf1 h6 15.
Rac1 Na5 16. Qb5 Qd8 17. b4 a6 18. Qe2 Nc6 19. Qe3 Re8 20. Bd3 Bxd3 21. Qxd3
Nb6 22. Ra1 Bf8 23. Nh2 Ne7 24. a5 Nbc8 25. Nb3 Nc6 26. Ng4 N8a7 27. Re3 Nb5
28. Rf3 Rc8 29. Rc1 h5 30. Ne5 Nxe5 31. dxe5 Rc4 32. Bd2 Qc7 33. Re3 Rc8 34.
Qe2 h4 35. Qd3 Be7 36. Rf3 Qxe5 37. Re3 Qc7 38. Rf3 Qd7 39. Re3 Bd6 40. Ree1
Qc7 41. Re3 d4 42. Qxc4 Qxc4 43. cxd4 Qxc1+ 44. Bxc1 Bxb4 45. Rd3 Bxa5 46. Bg5
Bd8 47. Bd2 Be7 48. d5 Rd8 49. Na5 Rd7 0-1

[Event "Olimpiada Dresden 2008 Femenina"]
[Site "Dresden GER"]
[Date "2008.11.23"]
[Round "10.7"]
[White "Milliet, Sophie"]
[Black "Umudova, Nargiz"]
[Result "1-0"]
[WhiteElo "2366"]
[BlackElo "2219"]
[PlyCount "53"]
[EventDate "2008.11.13"]
[EventType "team-swiss"]
[EventRounds "11"]
[EventCountry "GER"]
[Source "lmi"]
[SourceDate "2008.11.13"]
[WhiteTeam "Francia"]
[BlackTeam "Azerbaiyán"]
[WhiteTeamCountry "FRA"]
[BlackTeamCountry "AZE"]

1. e4 c5 2. Nf3 Nc6 3. Nc3 Nf6 4. Bb5 Qc7 5. d3 g6 6. O-O Bg7 7. Re1 a6 8. e5
Ng4 9. Bxc6 dxc6 10. Bf4 Be6 11. Qd2 h5 12. h3 Nh6 13. Ng5 O-O-O 14. Nxe6 fxe6
15. Ne4 b6 16. Ng5 Qd7 17. b4 c4 18. Qe3 Kb7 19. dxc4 Rhf8 20. Nh7 Rh8 21. Bxh6
Rxh7 22. Bg5 Qd4 23. Qe2 Qc3 24. Rab1 Bh6 25. Rb3 Qd4 26. Bxh6 Rxh6 27. Rd3 1-0

[Event "Olimpiada Dresden 2008 Femenina"]
[Site "Dresden GER"]
[Date "2008.11.23"]
[Round "10.7"]
[White "Kazimova, Narmin Nizami qizi"]
[Black "Leconte, Maria"]
[Result "1/2-1/2"]
[WhiteElo "2171"]
[BlackElo "2349"]
[PlyCount "79"]
[EventDate "2008.11.13"]
[EventType "team-swiss"]
[EventRounds "11"]
[EventCountry "GER"]
[Source "lmi"]
[SourceDate "2008.11.13"]
[WhiteTeam "Azerbaiyán"]
[BlackTeam "Francia"]
[WhiteTeamCountry "AZE"]
[BlackTeamCountry "FRA"]

1. c4 e5 2. Nc3 Nc6 3. Nf3 Nf6 4. d4 e4 5. Ng5 h6 6. Ngxe4 Nxe4 7. Nxe4 Qh4 8.
Nc3 Qxd4 9. e3 Qxd1+ 10. Kxd1 Be7 11. Nd5 Bd8 12. Bd2 O-O 13. Bc3 d6 14. Kc2
Bf5+ 15. Bd3 Bxd3+ 16. Kxd3 Ne5+ 17. Bxe5 dxe5 18. Kc2 c6 19. Nc3 Be7 20. Rhd1
Rad8 21. a3 f5 22. Rxd8 Rxd8 23. Rd1 Rxd1 24. Kxd1 Kf7 25. Kd2 Ke6 26. Kc2 g6
27. b4 Bf8 28. Kb3 Be7 29. c5 Bh4 30. g3 Bd8 31. Kc4 Bc7 32. a4 a6 33. Ne2 Bd8
34. Nc1 Bc7 35. Nd3 g5 36. Nc1 Bd8 37. Ne2 Bc7 38. Nc1 Bd8 39. Ne2 Bc7 40. Nc1
1/2-1/2

[Event "Olimpiada Dresden 2008 Femenina"]
[Site "Dresden GER"]
[Date "2008.11.23"]
[Round "10.9"]
[White "Schuurman, Petra"]
[Black "Hagarova, Zuzana"]
[Result "1-0"]
[WhiteElo "2324"]
[BlackElo "2430"]
[PlyCount "79"]
[EventDate "2008.11.13"]
[EventType "team-swiss"]
[EventRounds "11"]
[EventCountry "GER"]
[Source "lmi"]
[SourceDate "2008.11.13"]
[WhiteTeam "Holanda"]
[BlackTeam "Eslovaquia"]
[WhiteTeamCountry "NED"]
[BlackTeamCountry "SVK"]

1. d4 Nf6 2. Nf3 e6 3. c4 c5 4. d5 d6 5. Nc3 exd5 6. cxd5 g6 7. h3 Bg7 8. e4
O-O 9. Bd3 a6 10. a4 Re8 11. O-O Nbd7 12. Bf4 Qe7 13. Re1 Nh5 14. Bh2 Ne5 15.
Be2 Nxf3+ 16. Bxf3 Nf6 17. e5 dxe5 18. d6 Qd8 19. Bxe5 Rb8 20. Qd2 Bd7 21. Qf4
Re6 22. Re3 Qf8 23. g4 Bc6 24. Bxc6 bxc6 25. Rd1 Rb4 26. Qf3 Rxe5 27. Rxe5 Nxg4
28. Rxc5 Ne5 29. Rxe5 Bxe5 30. d7 Rb8 31. Qxc6 Qd8 32. Re1 Qg5+ 33. Kf1 Kg7 34.
Qd5 Bf6 35. Qxg5 Bxg5 36. Re8 Rd8 37. Ne4 Bh4 38. Nc5 a5 39. Rxd8 Bxd8 40. Nb7
1-0

[Event "Olimpiada Dresden 2008 Femenina"]
[Site "Dresden GER"]
[Date "2008.11.23"]
[Round "10.9"]
[White "Pokorna, Regina"]
[Black "Bensdorp, Marlies"]
[Result "1/2-1/2"]
[WhiteElo "2376"]
[BlackElo "2303"]
[PlyCount "135"]
[EventDate "2008.11.13"]
[EventType "team-swiss"]
[EventRounds "11"]
[EventCountry "GER"]
[Source "lmi"]
[SourceDate "2008.11.13"]
[WhiteTeam "Eslovaquia"]
[BlackTeam "Holanda"]
[WhiteTeamCountry "SVK"]
[BlackTeamCountry "NED"]

1. e4 e5 2. Nf3 Nc6 3. d4 exd4 4. Nxd4 Bc5 5. Be3 Qf6 6. c3 Nge7 7. Bc4 Ne5 8.
Be2 Qg6 9. O-O d6 10. Kh1 Qxe4 11. Nd2 Qg6 12. Nb5 O-O 13. Nxc7 Rb8 14. Bf4 a6
15. Nb3 Bb6 16. Nd5 Nxd5 17. Qxd5 Bd7 18. Qd2 Bc6 19. f3 Rfe8 20. Rad1 Rbd8 21.
Nd4 Ba4 22. Rde1 h6 23. Bg3 Qf6 24. b3 Bd7 25. Bd1 Ng6 26. Bc2 d5 27. a4 Rc8
28. Bf2 Nf4 29. Be3 Bc7 30. g3 Ng6 31. Qd3 Bb6 32. Bf2 Bh3 33. Rg1 Bd7 34. Rgf1
Bh3 35. Rg1 Bd7 36. Rxe8+ Rxe8 37. Rd1 Rc8 38. Re1 Re8 39. Rxe8+ Bxe8 40. Qf5
Qxf5 41. Bxf5 Ne7 42. Bd3 Bd7 43. Nc6 Nc8 44. Bxb6 Nxb6 45. Nb4 a5 46. Nc2 Kf8
47. Kg1 Ke7 48. Kf2 Kd6 49. Ke3 Nc8 50. Nd4 Ne7 51. Bc2 Kc5 52. f4 g6 53. Bd3
b6 54. Bc2 Bc8 55. Bd3 Bd7 56. Bc2 Bc8 57. Nf3 Bf5 58. Bxf5 Nxf5+ 59. Kd3 f6
60. g4 Nd6 61. g5 hxg5 62. fxg5 fxg5 63. Nxg5 Nf5 64. Ne6+ Kd6 65. Nf4 Ne7 66.
Kd4 Nf5+ 67. Kd3 Ne7 68. Kd4 1/2-1/2

[Event "Olimpiada Dresden 2008 Femenina"]
[Site "Dresden GER"]
[Date "2008.11.23"]
[Round "10.9"]
[White "Van Weersel, Arlette"]
[Black "Gregorova, Zuzana"]
[Result "1/2-1/2"]
[WhiteElo "2209"]
[BlackElo "2163"]
[PlyCount "112"]
[EventDate "2008.11.13"]
[EventType "team-swiss"]
[EventRounds "11"]
[EventCountry "GER"]
[Source "lmi"]
[SourceDate "2008.11.13"]
[WhiteTeam "Holanda"]
[BlackTeam "Eslovaquia"]
[WhiteTeamCountry "NED"]
[BlackTeamCountry "SVK"]

1. e4 e5 2. Nf3 Nc6 3. Bc4 Bc5 4. c3 Nf6 5. d3 d6 6. Bb3 a6 7. Nbd2 O-O 8. h3
h6 9. Nf1 d5 10. Qe2 Re8 11. Ng3 Be6 12. O-O Ba7 13. Rd1 Qe7 14. Be3 Bxe3 15.
Qxe3 Rad8 16. Nh4 Ng4 17. Nhf5 Bxf5 18. Nxf5 Nxe3 19. Nxe7+ Rxe7 20. fxe3 dxe4
21. dxe4 Rxd1+ 22. Rxd1 Kf8 23. Kf2 Ke8 24. Ke2 Na5 25. Ba4+ c6 26. b4 Nc4 27.
Bb3 Nb6 28. a4 Nd7 29. Rb1 Nf6 30. Bc2 Rc7 31. Bd3 Rc8 32. Rb3 Nd7 33. Rb1 Ke7
34. b5 cxb5 35. axb5 a5 36. c4 b6 37. Rf1 Nc5 38. Bc2 Nb7 39. Bd3 Nd6 40. Rc1
Nxb5 41. c5 Na7 42. Rb1 Rxc5 43. Rxb6 Nc8 44. Ra6 Nd6 45. Kd2 f5 46. Ra7+ Kf6
47. Ra6 fxe4 48. Bxe4 Ke7 49. Ra7+ Ke6 50. Bh7 Rd5+ 51. Ke2 Kf6 52. Ra6 Ke7 53.
Ra7+ Kf8 54. Ra8+ Ke7 55. Ra7+ Kf8 56. Ra8+ Ke7 1/2-1/2

[Event "Olimpiada Dresden 2008 Femenina"]
[Site "Dresden GER"]
[Date "2008.11.23"]
[Round "10.10"]
[White "Cosma, Elena Luminita"]
[Black "Arribas Robaina, Maritza"]
[Result "1/2-1/2"]
[WhiteElo "2340"]
[BlackElo "2303"]
[PlyCount "71"]
[EventDate "2008.11.13"]
[EventType "team-swiss"]
[EventRounds "11"]
[EventCountry "GER"]
[Source "lmi"]
[SourceDate "2008.11.13"]
[WhiteTeam "ROU"]
[BlackTeam "Cuba"]
[BlackTeamCountry "CUB"]

1. d4 Nf6 2. Nf3 g6 3. Nc3 d5 4. Bf4 c6 5. e3 Bg7 6. Be2 Bg4 7. h3 Bxf3 8. Bxf3
Nbd7 9. O-O O-O 10. a4 Re8 11. a5 e5 12. Bh2 b5 13. axb6 axb6 14. Rxa8 Qxa8 15.
Qa1 Qb7 16. dxe5 Nxe5 17. Bxe5 Rxe5 18. Qa4 b5 19. Qa5 Re8 20. Ra1 Ne4 21. Bxe4
dxe4 22. Rd1 Qe7 23. Qb6 Bxc3 24. bxc3 Qf6 25. Qc5 Re5 26. Qd4 Kg7 27. c4 c5
28. Qc3 b4 29. Qa1 h5 30. Rd7 Re7 31. Qxf6+ Kxf6 32. Rd5 Re5 33. Rd6+ Re6 34.
Rd5 Re5 35. Rd6+ Re6 36. Rd5 1/2-1/2

[Event "Olimpiada Dresden 2008 Femenina"]
[Site "Dresden GER"]
[Date "2008.11.23"]
[Round "10.10"]
[White "Ordaz Valdes, Lisandra"]
[Black "Voicu, Carmen"]
[Result "0-1"]
[WhiteElo "2306"]
[BlackElo "2239"]
[PlyCount "80"]
[EventDate "2008.11.13"]
[EventType "team-swiss"]
[EventRounds "11"]
[EventCountry "GER"]
[Source "lmi"]
[SourceDate "2008.11.13"]
[WhiteTeam "Cuba"]
[BlackTeam "ROU"]
[WhiteTeamCountry "CUB"]

1. d4 Nf6 2. c4 c5 3. d5 e6 4. Nc3 exd5 5. cxd5 d6 6. e4 g6 7. f4 Qe7 8. Bd3
Bg7 9. Nf3 Bg4 10. h3 Bxf3 11. Qxf3 O-O 12. O-O Nbd7 13. Bd2 a6 14. a4 Ne8 15.
Rae1 Rb8 16. Kh1 Nc7 17. e5 dxe5 18. f5 c4 19. Bb1 b5 20. d6 Qxd6 21. Ne4 Qc6
22. Bb4 bxa4 23. Bxf8 Rxf8 24. Rd1 Nb5 25. fxg6 hxg6 26. Nd6 Qxf3 27. Rxf3 Nb6
28. Rff1 Nd4 29. Ba2 Nc2 30. Rd2 Ne3 31. Re1 Bh6 32. Rde2 Rd8 33. Ne4 f5 34.
Nd2 e4 35. Rxe3 Rxd2 36. R3e2 e3 37. Rxd2 exd2 38. Re8+ Kf7 39. Rd8 Ke7 40. Rd4
Be3 0-1

[Event "Olimpiada Dresden 2008 Femenina"]
[Site "Dresden GER"]
[Date "2008.11.23"]
[Round "10.10"]
[White "Paulet, Iozefina"]
[Black "Pina Vega, Sulennis"]
[Result "0-1"]
[WhiteElo "2307"]
[BlackElo "2286"]
[PlyCount "118"]
[EventDate "2008.11.13"]
[EventType "team-swiss"]
[EventRounds "11"]
[EventCountry "GER"]
[Source "lmi"]
[SourceDate "2008.11.13"]
[WhiteTeam "ROU"]
[BlackTeam "Cuba"]
[BlackTeamCountry "CUB"]

1. e4 c5 2. Nc3 Nc6 3. Bb5 d6 4. Bxc6+ bxc6 5. d3 g6 6. f4 Bg7 7. Nf3 e6 8. O-O
Ne7 9. Qe1 O-O 10. Na4 c4 11. dxc4 Ba6 12. Qb4 Rb8 13. Qa3 Bxc4 14. Rd1 Nc8 15.
e5 Be2 16. Re1 Bxf3 17. Qxf3 dxe5 18. Be3 exf4 19. Qxf4 Nb6 20. Bc5 Re8 21. Rf1
f5 22. Rad1 Nd5 23. Qf2 Qa5 24. b3 Rb7 25. c4 Nb6 26. Bxb6 axb6 27. Qf3 Rc7 28.
Rd6 e5 29. Qf2 e4 30. Qxb6 Qxb6+ 31. Nxb6 e3 32. Na4 e2 33. Re1 c5 34. Kf2 Rce7
35. Nxc5 Bh6 36. Na4 Be3+ 37. Kf3 Ba7 38. c5 Re3+ 39. Kf2 Bb8 40. Rd2 Bxh2 41.
Rexe2 Bg3+ 42. Kf1 g5 43. Nc3 g4 44. Rxe3 Rxe3 45. Ne2 Be5 46. Rc2 h5 47. c6
Bc7 48. Rc5 f4 49. Rxh5 f3 50. gxf3 gxf3 51. Nd4 Bb6 52. Nb5 f2 53. Rf5 Re1+
54. Kg2 Rg1+ 55. Kh2 f1=Q 56. Rxf1 Rxf1 57. a4 Rc1 58. Kg2 Rxc6 59. Kf3 Re6 0-1

[Event "Olimpiada Dresden 2008 Femenina"]
[Site "Dresden GER"]
[Date "2008.11.23"]
[Round "10.10"]
[White "Marrero Lopez, Yaniet"]
[Black "Motoc, Alina"]
[Result "0-1"]
[WhiteElo "2260"]
[BlackElo "2313"]
[PlyCount "92"]
[EventDate "2008.11.13"]
[EventType "team-swiss"]
[EventRounds "11"]
[EventCountry "GER"]
[Source "lmi"]
[SourceDate "2008.11.13"]
[WhiteTeam "Cuba"]
[BlackTeam "ROU"]
[WhiteTeamCountry "CUB"]

1. e4 c5 2. Nf3 d6 3. d4 cxd4 4. Nxd4 Nf6 5. Nc3 a6 6. Bc4 e6 7. O-O b5 8. Bb3
Be7 9. Qf3 Qc7 10. Qg3 Nc6 11. Nxc6 Qxc6 12. Re1 Bb7 13. Kh1 O-O 14. Bh6 Ne8
15. f3 Kh8 16. Bg5 Bxg5 17. Qxg5 Nf6 18. a3 Rfd8 19. Rad1 Rd7 20. Rd4 Rad8 21.
Red1 h6 22. Qd2 Qc5 23. Ne2 e5 24. Rd5 Bxd5 25. exd5 e4 26. c3 exf3 27. gxf3
Qf2 28. Nd4 Qxd2 29. Rxd2 g5 30. a4 bxa4 31. Bxa4 Re7 32. Kg2 Re1 33. Bc6 g4
34. Re2 Rb1 35. b4 Nh5 36. Ra2 Rg8 37. fxg4 Rxg4+ 38. Kf3 Rf4+ 39. Ke3 Rh1 40.
Rxa6 Rxh2 41. Kd3 Nf6 42. b5 Ne4 43. Ke3 Rfh4 44. Nf3 R2h3 45. Bd7 Rg3 46. Bf5
Ng5 0-1

[Event "Olimpiada Dresden 2008 Femenina"]
[Site "Dresden GER"]
[Date "2008.11.23"]
[Round "10.11"]
[White "Dembo, Yelena"]
[Black "Boric, Elena"]
[Result "1-0"]
[WhiteElo "2446"]
[BlackElo "2292"]
[PlyCount "89"]
[EventDate "2008.11.13"]
[EventType "team-swiss"]
[EventRounds "11"]
[EventCountry "GER"]
[Source "lmi"]
[SourceDate "2008.11.13"]
[WhiteTeam "Grecia"]
[BlackTeam "Bosnia Herzegovina"]
[WhiteTeamCountry "GRE"]
[BlackTeamCountry "BIH"]

1. e4 e6 2. d4 d5 3. Nd2 Nf6 4. e5 Nfd7 5. Bd3 c5 6. c3 Nc6 7. Ngf3 cxd4 8.
cxd4 f5 9. exf6 Nxf6 10. O-O Bd6 11. Nb3 O-O 12. Bg5 Bd7 13. Bh4 Qe8 14. Bg3
Bxg3 15. hxg3 Qh5 16. Ne5 Qxd1 17. Raxd1 Nxe5 18. dxe5 Ng4 19. Rde1 Rac8 20. f3
Nh6 21. Rc1 Nf7 22. f4 g5 23. Nc5 Rc7 24. Ne4 Rfc8 25. Rxc7 Rxc7 26. Nf6+ Kg7
27. Nxh7 Bb5 28. Bxb5 Kxh7 29. Bd3+ Kh6 30. Kf2 Kg7 31. Ke3 Rc6 32. b3 Rc5 33.
Kd4 b6 34. b4 Rc8 35. f5 exf5 36. Rxf5 Re8 37. Bb5 Rd8 38. Bc6 Kg6 39. Rf6+ Kg7
40. Bxd5 Nxe5 41. Kxe5 Rxd5+ 42. Kxd5 Kxf6 43. g4 Kf7 44. Ke5 Kg6 45. b5 1-0

[Event "Olimpiada Dresden 2008 Femenina"]
[Site "Dresden GER"]
[Date "2008.11.23"]
[Round "10.11"]
[White "Dengler, Dijana"]
[Black "Botsari, Anna-Maria"]
[Result "1/2-1/2"]
[WhiteElo "2099"]
[BlackElo "2308"]
[PlyCount "94"]
[EventDate "2008.11.13"]
[EventType "team-swiss"]
[EventRounds "11"]
[EventCountry "GER"]
[Source "lmi"]
[SourceDate "2008.11.13"]
[WhiteTeam "Bosnia Herzegovina"]
[BlackTeam "Grecia"]
[WhiteTeamCountry "BIH"]
[BlackTeamCountry "GRE"]

1. e4 e5 2. Nf3 Nc6 3. Bc4 Bc5 4. c3 Nf6 5. d3 a6 6. Bb3 Ba7 7. O-O d6 8. Nbd2
O-O 9. h3 Ne7 10. Re1 Ng6 11. Nf1 h6 12. d4 Qe7 13. Ng3 Nh7 14. Nf5 Qf6 15. Bc2
Re8 16. a4 Bxf5 17. exf5 Nh4 18. dxe5 dxe5 19. Nxh4 Qxh4 20. Be3 Bxe3 21. Rxe3
Nf6 22. Qe2 e4 23. Re1 Re5 24. Bxe4 Rae8 25. Bc2 Rxe3 26. fxe3 Ne4 27. Rd1 Qg5
28. Qf3 Nd6 29. Re1 Re5 30. b3 c6 31. f6 g6 32. Re2 Re6 33. e4 Rxf6 34. Qd3 Re6
35. b4 Qc1+ 36. Kh2 Qf4+ 37. Kg1 Qe5 38. Bb3 Re7 39. Bc2 Kg7 40. Qd4 b5 41.
axb5 Nxb5 42. Qxe5+ Rxe5 43. Re3 f5 44. Kf2 fxe4 45. Rxe4 Rxe4 46. Bxe4 Nxc3
47. Bxc6 Na2 1/2-1/2

[Event "Olimpiada Dresden 2008 Femenina"]
[Site "Dresden GER"]
[Date "2008.11.23"]
[Round "10.11"]
[White "Dedijer, Mira"]
[Black "Fakhiridou, Ekaterini"]
[Result "0-1"]
[WhiteElo "1999"]
[BlackElo "2248"]
[PlyCount "53"]
[EventDate "2008.11.13"]
[EventType "team-swiss"]
[EventRounds "11"]
[EventCountry "GER"]
[Source "lmi"]
[SourceDate "2008.11.13"]
[WhiteTeam "Bosnia Herzegovina"]
[BlackTeam "Grecia"]
[WhiteTeamCountry "BIH"]
[BlackTeamCountry "GRE"]

1. e4 c5 2. Nf3 Nc6 3. d4 cxd4 4. Nxd4 Nf6 5. Nc3 e6 6. Be2 Bb4 7. f3 d5 8.
Nxc6 bxc6 9. exd5 Nxd5 10. Bd2 O-O 11. O-O Rb8 12. Nxd5 exd5 13. Bxb4 Rxb4 14.
b3 Rh4 15. g3 Qb6+ 16. Kh1 Rh6 17. Qe1 Bh3 18. Rf2 Re6 19. Qg1 Rfe8 20. Bd3 Qb4
21. a3 Qc3 22. Rff1 Bxf1 23. Rxf1 Re1 24. Kg2 Qd2+ 25. Qf2 R1e2 26. Bxe2 Rxe2
27. a4 0-1

[Event "Olimpiada Dresden 2008 Femenina"]
[Site "Dresden GER"]
[Date "2008.11.23"]
[Round "10.12"]
[White "Smokina, Karolina"]
[Black "Djingarova, Emilia"]
[Result "1/2-1/2"]
[WhiteElo "2235"]
[BlackElo "2352"]
[PlyCount "63"]
[EventDate "2008.11.13"]
[EventType "team-swiss"]
[EventRounds "11"]
[EventCountry "GER"]
[Source "lmi"]
[SourceDate "2008.11.13"]
[WhiteTeam "Moldavia"]
[BlackTeam "Bulgaria"]
[WhiteTeamCountry "MDA"]
[BlackTeamCountry "BUL"]

1. d4 d5 2. c4 c6 3. cxd5 cxd5 4. Nc3 Nf6 5. Nf3 Nc6 6. Bf4 a6 7. e3 Bg4 8. h3
Bxf3 9. Qxf3 e6 10. Bd3 Bd6 11. Bxd6 Qxd6 12. O-O O-O 13. Rac1 Rac8 14. a3 Na5
15. Rc2 Nb3 16. Rd1 Rc7 17. Ne2 Rxc2 18. Bxc2 Na5 19. Qf4 Qxf4 20. Nxf4 Nc4 21.
Nd3 Rc8 22. Rc1 Ne4 23. Bd1 Ncd6 24. Rxc8+ Nxc8 25. Nc5 Ncd6 26. Be2 Nd2 27.
Bd3 N2c4 28. Bxc4 Nxc4 29. b3 Nd6 30. f3 Kf8 31. Kf2 Ke7 32. Ke2 1/2-1/2

[Event "Olimpiada Dresden 2008 Femenina"]
[Site "Dresden GER"]
[Date "2008.11.23"]
[Round "10.12"]
[White "Voiska, Margarita"]
[Black "Partac, Elena"]
[Result "1-0"]
[WhiteElo "2318"]
[BlackElo "2168"]
[PlyCount "85"]
[EventDate "2008.11.13"]
[EventType "team-swiss"]
[EventRounds "11"]
[EventCountry "GER"]
[Source "lmi"]
[SourceDate "2008.11.13"]
[WhiteTeam "Bulgaria"]
[BlackTeam "Moldavia"]
[WhiteTeamCountry "BUL"]
[BlackTeamCountry "MDA"]

1. d4 Nf6 2. Nf3 e6 3. g3 b6 4. Bg2 Bb7 5. O-O Be7 6. c4 O-O 7. Nc3 Ne4 8. Qc2
Nxc3 9. Qxc3 Be4 10. Rd1 Bf6 11. Bf4 Nc6 12. Ne5 Bxg2 13. Kxg2 Bxe5 14. dxe5 f6
15. exf6 gxf6 16. Qf3 Rf7 17. Rd2 e5 18. Rad1 Nd4 19. Qh5 d6 20. Be3 Ne6 21.
Qf3 f5 22. Rd5 Qe8 23. b4 Rf6 24. Bc1 Nd4 25. R5xd4 exd4 26. Rxd4 Rb8 27. Bb2
Qe6 28. Rf4 Rg6 29. e4 Rg4 30. Rxf5 Rg6 31. h4 h6 32. h5 Rg5 33. Rf6 Qg4 34.
Qxg4 Rxg4 35. Rxh6 Kf7 36. f3 Rg5 37. Rh7+ Kf8 38. f4 Rg8 39. Rxc7 Re8 40. h6
Rxe4 41. h7 Re2+ 42. Kf3 Rxb2 43. Rc8+ 1-0

[Event "Olimpiada Dresden 2008 Femenina"]
[Site "Dresden GER"]
[Date "2008.11.23"]
[Round "10.12"]
[White "Bulmaga, Irina"]
[Black "Velcheva, Maria"]
[Result "1-0"]
[WhiteElo "2287"]
[BlackElo "2280"]
[PlyCount "113"]
[EventDate "2008.11.13"]
[EventType "team-swiss"]
[EventRounds "11"]
[EventCountry "GER"]
[Source "lmi"]
[SourceDate "2008.11.13"]
[WhiteTeam "Moldavia"]
[BlackTeam "Bulgaria"]
[WhiteTeamCountry "MDA"]
[BlackTeamCountry "BUL"]

1. e4 c5 2. Nf3 e6 3. c3 d5 4. exd5 Qxd5 5. d4 Nf6 6. Na3 Qd8 7. Nc2 Nbd7 8.
Bd3 Qc7 9. O-O Bd6 10. Qe2 O-O 11. Re1 b6 12. Bg5 h6 13. Bh4 Bb7 14. Bg3 Bxg3
15. hxg3 Rac8 16. Ne5 cxd4 17. Nxd4 Nxe5 18. Qxe5 Qxe5 19. Rxe5 Rfd8 20. f3 Rc5
21. Rae1 Bd5 22. a3 g6 23. R5e3 Bb7 24. Bxg6 fxg6 25. Nxe6 Rcc8 26. Nxd8 Rxd8
27. Re6 Rf8 28. Re7 Rf7 29. c4 Kf8 30. Rxf7+ Kxf7 31. Kf2 Nd7 32. Ke3 Nc5 33.
Kd4 Kf6 34. g4 Ne6+ 35. Ke3 Ba6 36. Rc1 Bb7 37. Rh1 Kg5 38. g3 h5 39. gxh5 gxh5
40. Rd1 Bc8 41. Rd5+ Kg6 42. b4 Ba6 43. c5 bxc5 44. bxc5 Bc4 45. Rd7 a6 46. c6
Bb5 47. Re7 Ng7 48. Ra7 Nf5+ 49. Kf4 Bxc6 50. Rxa6 Ne7 51. a4 Kf6 52. g4 hxg4
53. fxg4 Nd5+ 54. Kg3 Ne7 55. a5 Kg5 56. Rb6 Be4 57. Re6 1-0

[Event "Olimpiada Dresden 2008 Femenina"]
[Site "Dresden GER"]
[Date "2008.11.23"]
[Round "10.13"]
[White "Klinova, Masha"]
[Black "Vojinovic, Jovana"]
[Result "1/2-1/2"]
[WhiteElo "2327"]
[BlackElo "2332"]
[PlyCount "123"]
[EventDate "2008.11.13"]
[EventType "team-swiss"]
[EventRounds "11"]
[EventCountry "GER"]
[Source "lmi"]
[SourceDate "2008.11.13"]
[WhiteTeam "Israel"]
[BlackTeam "MNE"]
[WhiteTeamCountry "ISR"]

1. e4 e6 2. d4 d5 3. e5 c5 4. c3 Qb6 5. Nf3 Bd7 6. a3 Bb5 7. Nbd2 Bxf1 8. Nxf1
cxd4 9. cxd4 Nc6 10. Ng3 Qa6 11. Ne2 Nge7 12. O-O Nf5 13. g4 Nfe7 14. Ng3 h6
15. Be3 g6 16. b4 Nc8 17. Qb1 Qb5 18. Nd2 a5 19. f4 axb4 20. f5 N8e7 21. fxe6
fxe6 22. axb4 Rxa1 23. Qxa1 Qxb4 24. Qa8+ Nd8 25. Rb1 Qc3 26. Ngf1 Qc8 27. Qa4+
Qc6 28. Qd1 Bg7 29. Rc1 Qd7 30. Qf3 Nec6 31. Nb3 Qf7 32. Qxf7+ Kxf7 33. Nc5 Na5
34. Ra1 Ndc6 35. Nd2 Re8 36. Rf1+ Ke7 37. Rb1 Rb8 38. Rb6 Bf8 39. Kf2 Nd8 40.
Rd6 Ke8 41. Rb6 Nac6 42. Ndb3 Ke7 43. Ke2 Ra8 44. Kd3 Ra7 45. Bd2 Ke8 46. Rb5
Nb8 47. Ba5 Bxc5 48. Nxc5 Nd7 49. Nb3 Nc6 50. Bd2 h5 51. h3 b6 52. Bc3 Ra3 53.
Nd2 Kf7 54. Rb1 Ndxe5+ 55. dxe5 d4 56. Rf1+ Ke7 57. Nb1 Rb3 58. Kc4 Rxc3+ 59.
Nxc3 dxc3 60. gxh5 gxh5 61. Kxc3 Nxe5 62. Rb1 1/2-1/2

[Event "Olimpiada Dresden 2008 Femenina"]
[Site "Dresden GER"]
[Date "2008.11.23"]
[Round "10.13"]
[White "Igla, Bella"]
[Black "Stojanovic, Marija R"]
[Result "1-0"]
[WhiteElo "2254"]
[BlackElo "2199"]
[PlyCount "75"]
[EventDate "2008.11.13"]
[EventType "team-swiss"]
[EventRounds "11"]
[EventCountry "GER"]
[Source "lmi"]
[SourceDate "2008.11.13"]
[WhiteTeam "Israel"]
[BlackTeam "MNE"]
[WhiteTeamCountry "ISR"]

1. d4 d5 2. c4 e6 3. Nc3 Nf6 4. cxd5 exd5 5. Bg5 Be7 6. Qc2 c6 7. e3 O-O 8. Bd3
Nbd7 9. Nf3 Re8 10. O-O Ne4 11. Bf4 Nef6 12. Nb5 Nf8 13. Nc7 Be6 14. Nxa8 Qxa8
15. h3 g6 16. a3 Qc8 17. b4 a6 18. Rab1 Ne4 19. Bxe4 dxe4 20. Nd2 f5 21. a4 Bd5
22. Rfc1 Ne6 23. Be5 Qd7 24. Nc4 Bd8 25. b5 axb5 26. axb5 Rf8 27. bxc6 Bxc6 28.
Bd6 Rf7 29. Bh2 Ba4 30. Qa2 Rg7 31. Nb6 Bxb6 32. Rxb6 Bc6 33. Qa8+ Nf8 34. Rc5
Re7 35. d5 Re8 36. Qa1 Qd8 37. Rb1 Nd7 38. Ra5 1-0